Zvyšovanie konkurencieschopnosti podniku diplomová práca

Saved in:
Bibliographic Details
Main Author: Onyshchenko, Alina
Corporate Author: Podnikovohospodárska fakulta EU so sídlom v Košiciach. Katedra ekonómie
Other Authors: Pružinský, Michal, 1952-
Format: Book
Language:Slovak
Published: Košice 2023
Tags: Add Tag
No Tags, Be the first to tag this record!

MARC

LEADER 00000nbm a2200000 4500
001 0295882
005 20240827093442.5
041 0 |a slo 
044 |a SK 
245 1 0 |a Zvyšovanie konkurencieschopnosti podniku  |b diplomová práca  |c Alina Onyshchenko ; školiteľ: Michal Pružinský 
264 1 |a Košice  |c 2023 
300 |a 70 s. 
100 1 |a Onyshchenko, Alina 
700 1 |a Pružinský, Michal, 1952- 
710 2 |a Podnikovohospodárska fakulta EU so sídlom v Košiciach. Katedra ekonómie